Library Banner

Handbook of food-drug interactions / (Record no. 134557)

MARC details
000 -LEADER
fixed length control field 00508nam a22001577a 4500
005 - DATE AND TIME OF LATEST TRANSACTION
control field 20240723114324.0
008 - FIXED-LENGTH DATA ELEMENTS--GENERAL INFORMATION
fixed length control field 240723b |||||||| |||| 00| 0 eng d
020 ## - INTERNATIONAL STANDARD BOOK NUMBER
International Standard Book Number 9780367395247
040 ## - CATALOGING SOURCE
Transcribing agency PK-LaUMT
082 ## - DEWEY DECIMAL CLASSIFICATION NUMBER
Classification number 615.7045
Item number HAN-
245 ## - TITLE STATEMENT
Title Handbook of food-drug interactions /
Statement of responsibility, etc edited by Beverly J. McCable, Eric H. Frankel and Jonathan J. Wolfe
260 ## - PUBLICATION, DISTRIBUTION, ETC. (IMPRINT)
Place of publication, distribution, etc Boca Raton :
Name of publisher, distributor, etc CRC Press,
Date of publication, distribution, etc 2003
300 ## - PHYSICAL DESCRIPTION
Extent 567 p.
650 ## - SUBJECT ADDED ENTRY--TOPICAL TERM
Topical term or geographic name as entry element Drug-nutrient interactions-Handbooks, manuals etc.
942 ## - ADDED ENTRY ELEMENTS (KOHA)
Koha item type Books
Holdings
Withdrawn status Lost status Damaged status Home library Current library Date acquired Full call number Barcode Date last seen Price effective from Koha item type
      UMT Health Sciences Campus UMT Health Sciences Campus 2024-07-23 615.7045 HAN- 147083 2024-07-23 2024-07-23 Books